<?xml version="1.0" encoding="UTF-8"?>
<record
    xmlns:xsi="http://www.w3.org/2001/XMLSchema-instance"
    xsi:schemaLocation="http://www.loc.gov/MARC21/slim http://www.loc.gov/standards/marcxml/schema/MARC21slim.xsd"
    xmlns="http://www.loc.gov/MARC21/slim">

  <leader>00737nam a22001937a 4500</leader>
  <datafield tag="999" ind1=" " ind2=" ">
    <subfield code="c">167717</subfield>
    <subfield code="d">167717</subfield>
  </datafield>
  <controlfield tag="005">20190917144545.0</controlfield>
  <datafield tag="010" ind1=" " ind2=" ">
    <subfield code="a">UR-10466</subfield>
  </datafield>
  <datafield tag="020" ind1=" " ind2=" ">
    <subfield code="c">300.00</subfield>
    <subfield code="a">-</subfield>
  </datafield>
  <datafield tag="035" ind1=" " ind2=" ">
    <subfield code="a">U-9021</subfield>
  </datafield>
  <datafield tag="037" ind1=" " ind2=" ">
    <subfield code="b">DBAD/PUB</subfield>
    <subfield code="a">-</subfield>
  </datafield>
  <datafield tag="082" ind1=" " ind2=" ">
    <subfield code="a">&#x6A9;</subfield>
  </datafield>
  <datafield tag="100" ind1=" " ind2=" ">
    <subfield code="a">&#x633;&#x627; &#x63A;&#x631; &#x635;&#x62F; &#x64A;&#x642;&#x6CC; (&#x645;&#x62D;&#x645;&#x62F; &#x639;&#x628;&#x62F; &#x627; &#x644;&#x631; &#x634;&#x64A;&#x62F; &#x635;&#x62F; &#x64A;&#x642;&#x6CC;)</subfield>
  </datafield>
  <datafield tag="245" ind1=" " ind2=" ">
    <subfield code="a">&#x62F; &#x631; &#x648; &#x627; &#x632; &#x6C1; (&#x627; &#x641;&#x633;&#x627; &#x646;&#x6D2; ) </subfield>
    <subfield code="c">&#x633;&#x627; &#x63A;&#x631; &#x635;&#x62F; &#x64A;&#x642;&#x6CC; (&#x645;&#x62D;&#x645;&#x62F; &#x639;&#x628;&#x62F; &#x627; &#x644;&#x631; &#x634;&#x64A;&#x62F; &#x635;&#x62F; &#x64A;&#x642;&#x6CC;)</subfield>
  </datafield>
  <datafield tag="246" ind1=" " ind2=" ">
    <subfield code="b">Darwazah (Afsane) Urdu)</subfield>
    <subfield code="a">by Sagher Siddiqui(Mohd. Abdul Rasheed Siddiqui)</subfield>
  </datafield>
  <datafield tag="260" ind1=" " ind2=" ">
    <subfield code="a">Maharashtr</subfield>
    <subfield code="b">Sagher Siddiqui</subfield>
    <subfield code="c">2019 &#x621;</subfield>
  </datafield>
  <datafield tag="270" ind1=" " ind2=" ">
    <subfield code="a">Balwant Colony Cool Kher Road,Gandhi Nagar Post Office, </subfield>
    <subfield code="b">Akola </subfield>
    <subfield code="e">444004</subfield>
    <subfield code="k">09421755388</subfield>
    <subfield code="l">-</subfield>
  </datafield>
  <datafield tag="300" ind1=" " ind2=" ">
    <subfield code="a">136 &#x635; </subfield>
    <subfield code="c">22 Cm(Hb)</subfield>
  </datafield>
  <datafield tag="942" ind1=" " ind2=" ">
    <subfield code="2">ddc</subfield>
    <subfield code="c">UR</subfield>
    <subfield code="h">&#x6A9;</subfield>
    <subfield code="m">&#x635; &#x62F; &#x6CC; </subfield>
  </datafield>
  <datafield tag="952" ind1=" " ind2=" ">
    <subfield code="0">0</subfield>
    <subfield code="1">0</subfield>
    <subfield code="4">0</subfield>
    <subfield code="7">0</subfield>
    <subfield code="8">FIC</subfield>
    <subfield code="a">L</subfield>
    <subfield code="b">L</subfield>
    <subfield code="d">2019-09-17</subfield>
    <subfield code="e">DBAD/PUB</subfield>
    <subfield code="g">94.00</subfield>
    <subfield code="l">0</subfield>
    <subfield code="o">&#x6A9; &#x635; &#x62F; &#x6CC;</subfield>
    <subfield code="p">U-9021</subfield>
    <subfield code="r">2019-09-17 00:00:00</subfield>
    <subfield code="t">1</subfield>
    <subfield code="v">94.00</subfield>
    <subfield code="y">UR</subfield>
  </datafield>
</record>
